Ochrana hospodářské soutěže v Evropské unii
Význam politiky ochrany hospodárskej súťaže. Ochrana hospodárskej súťaže v rámci EÚ. Regulácia verejnej pomoci v Európskej únii. Ochrana hospodárskej súťaže pri predvstupných rokovaniach Českej republiky. Význam ochrany hospodárskej súťaže v kontexte budúcnosti Českej republiky.
Gespeichert in:
| 1. Verfasser: | |
|---|---|
| Format: | Buchkapitel |
| Sprache: | Tschechisch |
| Schlagworte: | |
| Tags: |
Keine Tags, Fügen Sie das erste Tag hinzu!
|
MARC
| LEADER | 00000naa a2200000 4500 | ||
|---|---|---|---|
| 001 | r048599 | ||
| 005 | 20231004105525.7 | ||
| 041 | 0 | |a cze | |
| 044 | |a CZ | ||
| 245 | 1 | 0 | |a Ochrana hospodářské soutěže v Evropské unii |c Jan Hřích |
| 520 | |a Význam politiky ochrany hospodárskej súťaže. Ochrana hospodárskej súťaže v rámci EÚ. Regulácia verejnej pomoci v Európskej únii. Ochrana hospodárskej súťaže pri predvstupných rokovaniach Českej republiky. Význam ochrany hospodárskej súťaže v kontexte budúcnosti Českej republiky. | ||
| 610 | 2 | 0 | |a ochrana súťaže hospodárskej |
| 610 | 2 | 0 | |a koncentrácia |
| 610 | 2 | 0 | |a konkurencia |
| 610 | 2 | 0 | |a Európska únia |
| 610 | 2 | 0 | |a Česko |
| 610 | 2 | 0 | |a politika protimonopolná |
| 100 | 1 | |a Hřích, Jan | |